Rosco de Pasapalabra #68 - Estadísticas

Estadísticas generales
  • Esta prueba ha sido intentada 238 veces
  • La puntuación promedio es 11 de 25
Estadísticas de respuestas
Inicial Definición Respuesta % Correcto
D Eliminar el vello de alguien o de una parte de su cuerpo Depilar
97%
F Conjunto de palabras que constituyen un enunciado Frase
93%
E País europeo con capital en Liubliana Eslovenia
89%
J Persona que trabaja por un salario diario, especialmente si lo hace en el campo Jornalero
85%
O Inflamación de oído Otitis
84%
A Enigma o adivinanza que se propone como pasatiempo Acertijo
77%
N Enturbiar o enturbiarse la vista Nublar
74%
T Membrana tensa como la de un tambor, que separa el oído medio del conducto auditivo externo Tímpano
67%
U Se dice del sufragio en el que tienen derecho a participar todos los ciudadanos, salvo determinadas excepciones Universal
67%
Z Gerundio del verbo zambullir Zambullendo
56%
R Rompimiento de relaciones entre las personas Ruptura
55%
M Cada una de las dos prominencias que hay en el rostro humano debajo de los ojos Mejilla
49%
P Pieza de pastelería hecha de hojaldre, que tiene forma de corazón Palmera
46%
C Trayecto en curva cerrada, previamente fijado para carreras de automóviles, motocicletas o bicicletas Circuito
34%
Contiene la Y Queso suave, de origen suizo, fabricado con leche de vaca y cuajo triturado Gruyer
34%
B Pieza metálica que cuelga en el interior de las campanas y que golpea en ellas para que suenen Badajo
32%
Contiene la X Que hace difícil la respiración Asfixiante
25%
Contiene la Q Estado de un cuerpo cuando fuerzas encontradas que obran en él se compensan destruyéndose mutuamente Equilibrio
21%
Contiene la Ñ Período de tiempo en el que se realizan diversas actividades encaminadas a un fin determinado Campaña
15%
I Obra impresa en el período que va desde la invención de la imprenta hasta el siglo XVI Incunable
14%
H Disposición en que se halla alguien para hacer algo Humor
3%
G Título de la película de 1953, dirigida por Pietro Germi y basada en la novela "El marqués de Roccaverdina" de Luigi Capuana Gelosia
1%
L Trucha pequeña Lancurdia
0%
S Recipiente con la tapa agujereada que se empleaba para echar los polvos secantes sobre un escrito Salvadera
0%
V Apellido del orfebre al que se atribuye la autoría del relicario de los Reyes Magos de la catedral de Colonia, en Alemania Verdún
0%
No se encontraron pruebas coincidentes
Distribución de puntuación
Porcentaje de gente con cada puntuación
Porcentaje por número respondido
Historial de tus puntuaciones
No has intentado esta prueba.